00968nam a2200217 a 450000100100000000500170001000800410002702000150006804000250008324501170010826000720022530000210029749000390031850400730035770000470043070000440047771000610052183000460058295201050062899900170073300004187120201002035813.0131018s2003 sp 000 0 spa d a8400081390 aDO-SdBNPbspacBNPHU03aEl Partenón en los Orígenes de Europa /ceditores Francisco Rodríguez Adrados, Juan Rodríguez Somolinos. aMadrid :bConsejo Superior de Investigación Científicas,c2003. a278 p. ;c25 cm.1 aManuales y anejos de Eméritav44 aIncluye referencias bibliográficas y notas al pie de las páginas1 aRodríguez Adrados, Franciscoeed.9186411 aRodríguez Somolinos, Juaneed.9687572 aConsejo Superior de Investigación Científicas963831 0aManuales y anejos de Eméritav44963832 001050718MOaGRbGRcCTd2013-10-18iLF1l0o p41871-10r2020-06-25w2020-06-25y1ZNo se presta c41360d41360